[Event "TCh-CHN DivA Regular"]
[Site "Fuling CHN"]
[Date "2023.06.11"]
[Round "6.4"]
[Board "4"]
[White "Ding, Yixin"]
[Black "Zhang, Xiao"]
[Result "0-1"]
[WhiteTitle "WGM"]
[WhiteElo "2422"]
[BlackElo "2147"]
[WhiteTeam "Zhejiang Shaoxing"]
[BlackTeam "Shandong"]
[WhiteFideId "8602972"]
[BlackFideId "8610894"]
[EventDate "2023.06.05"]
[EventType "team"]

1. d4 d5 2. Bg5 c5 3. dxc5 h6 4. Bh4 g5 5. Bg3 Bg7 6. c3 Na6 7. Na3 Qa5 8. Rc1
Nf6 9. Nf3 O-O 10. Be5 Nxc5 11. e3 Bg4 12. Be2 Ncd7 13. Bg3 Ne4 14. Nd4 Bxe2 15.
Qxe2 e6 16. O-O Rac8 17. f3 Nxg3 18. hxg3 Qc7 19. Qf2 a6 20. Nac2 Qc4 21. Ra1
Rce8 22. g4 Qc7 23. Rfd1 f5 24. gxf5 exf5 25. Nb4 Nb6 26. Ndc2 Qf7 27. Rab1 Be5
28. g3 Bb8 29. Kg2 a5 30. Nd3 Nc4 31. b3 Nxe3+ 32. Nxe3 Ba7 33. Re1 f4 34. gxf4
gxf4 35. Ng4 Bxf2 36. Nxh6+ Kg7 37. Nxf7 Bxe1 38. Nd6 Re6 39. Nb5 Bg3 40. Nd4
Rh6 41. Rh1 Rxh1 42. Kxh1 Rh8+ 43. Kg1 Kf6 44. Nc5 Rh7 45. Kf1 Rh2 46. a4 Rf2+
47. Kg1 Rd2 48. Nxb7 Kg5 49. Ne6+ Kh4 50. Nd6 Bf2+ 51. Kf1 Kg3 52. Ng5 Be3 53.
Nb7 Kh4 54. Nf7 Rf2+ 55. Ke1 Rxf3 56. Ne5 Rh3 57. Nxa5 Bb6 58. Nac6 f3 59. Nxf3+
Rxf3 60. Kd2 Rf6 61. Ne7 Rf2+ 62. Kd3 Rf3+ 63. Kc2 d4 64. cxd4 Bxd4 65. b4 Rc3+
66. Kd2 Kg4 67. a5 Rc7 68. Kd3 Bf2 69. Nd5 Rd7 70. Ke4 Rd8 71. b5 Re8+ 72. Kd3
Kf5 73. b6 Ke5 74. Nc3 Be1 75. a6 Bxc3 0-1

[Event "TCh-CHN DivA Regular"]
[Site "Fuling CHN"]
[Date "2023.06.11"]
[Round "6.4"]
[Board "5"]
[White "Du, Yuxin"]
[Black "Bai, Xue"]
[Result "1-0"]
[WhiteElo "1929"]
[BlackElo "2041"]
[WhiteTeam "Shandong"]
[BlackTeam "Zhejiang Shaoxing"]
[WhiteFideId "8610282"]
[BlackFideId "8608717"]
[EventDate "2023.06.05"]
[EventType "team"]

1. e4 e5 2. Nf3 Nc6 3. Bb5 a6 4. Ba4 Nf6 5. O-O Be7 6. Re1 b5 7. Bb3 d6 8. c3
O-O 9. h3 Bb7 10. d4 Re8 11. Nbd2 Bf8 12. Bc2 g6 13. d5 Nb8 14. b3 c6 15. c4
Nbd7 16. Nf1 Nb6 17. Qe2 Nh5 18. g4 Nf4 19. Bxf4 exf4 20. dxc6 Bxc6 21. Nd4 Bd7
22. Rad1 bxc4 23. bxc4 Qh4 24. Kg2 h5 25. Nf3 Qf6 26. gxh5 gxh5 27. Kh2 Qe6 28.
Ng5 Qh6 29. Nf3 Rac8 30. N1d2 Bg7 31. Rg1 Bg4 32. Rb1 Nd5 33. Qd3 Nf6 34. Rb7
Rc5 35. Bd1 Bc8 36. Rb6 Ng4+ 37. Kg2 Ne5 38. Qxd6 Qxd6 39. Rxd6 Nxc4 40. Nxc4
Rxc4 41. Ng5 Rc5 42. Kh1 h4 43. Bb3 Rc7 44. Rg6 Bb7 45. f3 1-0

[Event "TCh-CHN DivA Regular"]
[Site "Fuling CHN"]
[Date "2023.06.11"]
[Round "6.5"]
[Board "1"]
[White "Xu, Xiangyu"]
[Black "Ni, Hua"]
[Result "1/2-1/2"]
[WhiteTitle "GM"]
[BlackTitle "GM"]
[WhiteElo "2603"]
[BlackElo "2669"]
[WhiteTeam "Chengdu"]
[BlackTeam "Shanghai"]
[WhiteFideId "8608288"]
[BlackFideId "8601160"]
[EventDate "2023.06.05"]
[EventType "team"]

1. d4 d5 2. c4 e6 3. Nc3 c5 4. cxd5 exd5 5. Nf3 Nc6 6. g3 Nf6 7. Bg2 cxd4 8.
Nxd4 Bc5 9. Nb3 Bb6 10. O-O d4 11. Na4 O-O 12. Bg5 h6 13. Bxf6 Qxf6 14. Nxb6
axb6 15. Bxc6 bxc6 16. Qxd4 Rd8 17. Qxf6 gxf6 18. Rfd1 Rxd1+ 19. Rxd1 Be6 20.
Nc1 Bxa2 21. Nxa2 Rxa2 22. Rd6 Kg7 23. Rxc6 Rxb2 24. Kg2 Rxe2 25. Rxb6 Ra2 26.
h3 Ra3 27. g4 Rc3 28. h4 Ra3 29. Rb5 Rc3 30. f4 Ra3 31. h5 Rc3 32. g5 fxg5 33.
fxg5 hxg5 34. Rxg5+ Kh6 35. Rf5 Ra3 36. Rxf7 Kxh5 37. Rf3 Rxf3 38. Kxf3 1/2-1/2

[Event "TCh-CHN DivA Regular"]
[Site "Fuling CHN"]
[Date "2023.06.11"]
[Round "6.5"]
[Board "2"]
[White "Xu, Yi"]
[Black "Li, Di"]
[Result "0-1"]
[WhiteTitle "GM"]
[BlackTitle "GM"]
[WhiteElo "2502"]
[BlackElo "2575"]
[WhiteTeam "Shanghai"]
[BlackTeam "Chengdu"]
[WhiteFideId "8605564"]
[BlackFideId "8607508"]
[EventDate "2023.06.05"]
[EventType "team"]

1. e4 c5 2. Nf3 Nc6 3. Bb5 h6 4. b3 e5 5. O-O d6 6. c3 g5 7. d4 g4 8. Nfd2 exd4
9. cxd4 Bg7 10. Bb2 Ne7 11. Nc4 O-O 12. dxc5 Bxb2 13. Nxb2 dxc5 14. Qc1 Nd4 15.
Nc3 Kg7 16. Bd3 Be6 17. Ne2 Rc8 18. Nf4 Ng6 19. e5 Nxf4 20. Qxf4 Qg5 21. Qe4
Rfd8 22. Kh1 Nf5 23. Bc4 Rc7 24. Rad1 Qg6 25. Qf4 Rd4 26. Rxd4 Nxd4 27. Bxe6
Nxe6 28. Qg3 Rd7 29. f4 Nd4 30. Qc3 Qe4 31. Nc4 Ne2 32. Qb2 Rd4 33. Nd6 Qd3 34.
Qa1 Kf8 35. Qe1 Rxf4 36. Rxf4 Nxf4 37. Nxb7 Qd5 38. Qf2 Qd4 39. Qc2 Nd3 40. Qb1
Nf2+ 41. Kg1 Nd1+ 42. Kh1 Qd2 0-1

[Event "TCh-CHN DivA Regular"]
[Site "Fuling CHN"]
[Date "2023.06.11"]
[Round "6.5"]
[Board "3"]
[White "Zhao, Yuanhe"]
[Black "Zhang, Zhong"]
[Result "1/2-1/2"]
[WhiteTitle "IM"]
[BlackTitle "GM"]
[WhiteElo "2461"]
[BlackElo "2589"]
[WhiteTeam "Chengdu"]
[BlackTeam "Shanghai"]
[WhiteFideId "8609497"]
[BlackFideId "8600694"]
[EventDate "2023.06.05"]
[EventType "team"]

1. Nf3 Nf6 2. c4 e6 3. Nc3 d5 4. e3 b6 5. b3 Bb7 6. Bb2 Nbd7 7. Be2 a6 8. O-O
Bd6 9. d4 O-O 10. Qc2 Qe7 11. Rfd1 Rfd8 12. a4 Ne4 13. a5 f5 14. Nxe4 dxe4 15.
Ne5 Nxe5 16. dxe5 Bb4 17. axb6 cxb6 18. Bd4 Qc7 19. Bc3 Qe7 20. Bd4 Qc7 21. Bc3
Qe7 22. Bd4 Qc7 23. Bc3 Qe7 24. Bd4 Qc7 1/2-1/2

[Event "TCh-CHN DivA Regular"]
[Site "Fuling CHN"]
[Date "2023.06.11"]
[Round "6.5"]
[Board "4"]
[White "Ju, Wenjun"]
[Black "Chu, Ruotong"]
[Result "1-0"]
[WhiteTitle "GM"]
[BlackTitle "WIM"]
[WhiteElo "2566"]
[BlackElo "2166"]
[WhiteTeam "Shanghai"]
[BlackTeam "Chengdu"]
[WhiteFideId "8603006"]
[BlackFideId "8605653"]
[EventDate "2023.06.05"]
[EventType "team"]

1. c4 c5 2. Nf3 Nc6 3. d4 cxd4 4. Nxd4 e6 5. Nc3 Nf6 6. a3 d5 7. cxd5 exd5 8.
Bg5 Bc5 9. e3 Bxd4 10. exd4 Be6 11. Bb5 Rc8 12. O-O O-O 13. f4 a6 14. Bxc6 bxc6
15. f5 Bd7 16. Na4 Rb8 17. b4 a5 18. bxa5 Ra8 19. Nc5 Bc8 20. Qe1 h6 21. Bh4 Qd6
22. Bg3 Qd8 23. Be5 Nh7 24. a4 f6 25. Bf4 Ng5 26. Bxg5 fxg5 27. Rb1 Bxf5 28. Rb6
Qd6 29. a6 Rae8 30. Qg3 Qf6 31. Qc3 Re7 32. g4 Qd6 33. gxf5 Re2 34. Qg3 Qf6 35.
Rb4 1-0

[Event "TCh-CHN DivA Regular"]
[Site "Fuling CHN"]
[Date "2023.06.11"]
[Round "6.5"]
[Board "5"]
[White "Ren, Xiaoyi"]
[Black "Ni, Shiqun"]
[Result "1/2-1/2"]
[WhiteTitle "WIM"]
[BlackTitle "WGM"]
[WhiteElo "2079"]
[BlackElo "2323"]
[WhiteTeam "Chengdu"]
[BlackTeam "Shanghai"]
[WhiteFideId "8608709"]
[BlackFideId "8608466"]
[EventDate "2023.06.05"]
[EventType "team"]

1. Nf3 d5 2. d4 Nf6 3. Bf4 c5 4. e3 Nc6 5. c3 Qb6 6. Qc2 Nh5 7. Bg5 h6 8. Bh4 g5
9. Bg3 Nxg3 10. hxg3 Bg7 11. Nbd2 cxd4 12. exd4 Bg4 13. Bd3 Qc7 14. Nf1 Bxf3 15.
gxf3 e5 16. Ne3 exd4 17. Nf5 Bf6 18. cxd4 O-O-O 19. O-O-O h5 20. Kb1 Kb8 21. Bf1
Ne7 22. Qd3 Nxf5 23. Qxf5 Qb6 24. Qd3 Rc8 25. Qd2 Qd6 26. f4 gxf4 27. Qxf4 Qxf4
28. gxf4 h4 29. Bg2 Rcd8 30. Kc2 Kc7 31. Kd3 Kd6 32. Bh3 1/2-1/2

[Event "TCh-CHN DivA Regular"]
[Site "Fuling CHN"]
[Date "2023.06.11"]
[Round "6.6"]
[Board "1"]
[White "Liu, Yan"]
[Black "Wang, Shixu B"]
[Result "1/2-1/2"]
[WhiteTitle "GM"]
[BlackTitle "IM"]
[WhiteElo "2545"]
[BlackElo "2413"]
[WhiteTeam "Chongqing Sports Lottery"]
[BlackTeam "Tianjin"]
[WhiteFideId "8608962"]
[BlackFideId "8610665"]
[EventDate "2023.06.05"]
[EventType "team"]

1. c4 Nf6 2. Nf3 e6 3. g3 d5 4. Bg2 Be7 5. O-O O-O 6. b3 b6 7. cxd5 Nxd5 8. Bb2
Bb7 9. d4 Nd7 10. Re1 N5f6 11. Nc3 c5 12. e4 cxd4 13. Nxd4 Bc5 14. Re2 Ne5 15.
Na4 Bxd4 16. Bxd4 Nc6 17. Bb2 Qe7 18. Qe1 Rfd8 19. Rd1 Rxd1 20. Qxd1 Rd8 21. Rd2
Rxd2 22. Qxd2 e5 23. Nc3 Qb4 24. Qd3 Nd4 25. h3 h5 26. Kh2 h4 27. Nd5 Bxd5 28.
exd5 Qc5 29. Qe3 hxg3+ 30. fxg3 Nd7 31. Qd3 Nf6 32. Qe3 1/2-1/2

[Event "TCh-CHN DivA Regular"]
[Site "Fuling CHN"]
[Date "2023.06.11"]
[Round "6.6"]
[Board "2"]
[White "Wang, Yue"]
[Black "Bu, Xiangzhi"]
[Result "1/2-1/2"]
[WhiteTitle "GM"]
[BlackTitle "GM"]
[WhiteElo "2674"]
[BlackElo "2694"]
[WhiteTeam "Tianjin"]
[BlackTeam "Chongqing Sports Lottery"]
[WhiteFideId "8601429"]
[BlackFideId "8601445"]
[EventDate "2023.06.05"]
[EventType "team"]

1. d4 d5 2. c4 c6 3. Nf3 Nf6 4. Nc3 e6 5. e3 a6 6. Qc2 c5 7. cxd5 exd5 8. Be2
Be6 9. O-O Nc6 10. Rd1 cxd4 11. Nxd4 Nxd4 12. Rxd4 Bc5 13. Rd1 Qe7 14. Bf3 O-O
15. Nxd5 Nxd5 16. Bxd5 Bxd5 17. Rxd5 Rac8 18. Bd2 Bxe3 19. Bc3 Rc5 20. Rxc5 Bxc5
21. Re1 Qd6 22. g3 Bb4 23. Bxb4 Qxb4 24. Re4 Qd6 25. a3 g6 26. h4 h5 27. Re1 Qd7
28. Qe4 Rd8 29. Qe7 Qxe7 30. Rxe7 b5 31. Ra7 Rd6 32. Kg2 Kg7 33. Kf3 1/2-1/2

[Event "TCh-CHN DivA Regular"]
[Site "Fuling CHN"]
[Date "2023.06.11"]
[Round "6.6"]
[Board "3"]
[White "Zeng, Chongsheng"]
[Black "Dai, Changren"]
[Result "1-0"]
[WhiteTitle "GM"]
[BlackTitle "GM"]
[WhiteElo "2581"]
[BlackElo "2515"]
[WhiteTeam "Chongqing Sports Lottery"]
[BlackTeam "Tianjin"]
[WhiteFideId "8603847"]
[BlackFideId "8608156"]
[EventDate "2023.06.05"]
[EventType "team"]

1. d4 d5 2. c4 e6 3. Nc3 Nf6 4. cxd5 exd5 5. Bg5 Be7 6. e3 h6 7. Bh4 Bg4 8. Nf3
O-O 9. h3 Be6 10. Bd3 c5 11. dxc5 Bxc5 12. O-O Nc6 13. Rc1 Be7 14. Ne2 Qb6 15.
Ned4 Bd7 16. Nxc6 bxc6 17. Ne5 Rfd8 18. Nxd7 Rxd7 19. Qa4 Rb7 20. Rxc6 Qxb2 21.
Bxf6 Bxf6 22. Rb1 Qxb1+ 23. Bxb1 Rxb1+ 24. Kh2 Rb2 25. Qg4 h5 26. Rc8+ Rxc8 27.
Qxc8+ Kh7 28. Qf5+ Kg8 29. Qxd5 Rxf2 30. Kg1 Rb2 31. Qa8+ Kh7 32. Qxa7 Kg6 33.
Qa6 h4 34. a4 Kh7 35. Qc4 Rb1+ 36. Kf2 1-0

[Event "TCh-CHN DivA Regular"]
[Site "Fuling CHN"]
[Date "2023.06.11"]
[Round "6.6"]
[Board "4"]
[White "Xiao, Yiyi"]
[Black "Wang, Chuqiao"]
[Result "1-0"]
[WhiteTitle "WGM"]
[WhiteElo "2331"]
[BlackElo "2061"]
[WhiteTeam "Tianjin"]
[BlackTeam "Chongqing Sports Lottery"]
[WhiteFideId "8606161"]
[BlackFideId "8631638"]
[EventDate "2023.06.05"]
[EventType "team"]

1. Nf3 Nf6 2. g3 d5 3. Bg2 e6 4. O-O c5 5. d4 Nc6 6. c4 dxc4 7. Ne5 Bd7 8. Na3
cxd4 9. Naxc4 Be7 10. Qb3 Qc8 11. Bf4 Nd5 12. Nxc6 Bxc6 13. Nd6+ Bxd6 14. Bxd6
Qd7 15. Be5 O-O 16. Rfd1 Ba4 17. Qf3 Bxd1 18. Rxd1 Qe7 19. Bxd4 Rfd8 20. h3 Nb4
21. Qb3 Nc6 22. Bc3 Rxd1+ 23. Qxd1 Rd8 24. Qa4 Qd7 25. Kh2 a6 26. Qc4 Nd4 27. h4
b5 28. Qd3 Nf5 29. Qe4 Ne7 30. Qg4 e5 31. Qe4 f6 32. Ba5 Rb8 33. Bb4 Kf7 34.
Qxh7 Nc6 35. Bc5 Nd4 36. Bh3 Qc6 37. b4 Rd8 38. Bg2 Qe6 39. Bh3 Qc6 40. Bg4 Qd5
41. Bh5+ Ke6 42. Qxg7 Qd7 43. Qg6 Kd5 44. e3 Qf5 45. Qxf5 Nxf5 46. e4+ Kxe4 47.
Bg6 Rg8 48. h5 Rxg6 49. hxg6 Kf3 50. Bf8 Kg4 51. Kg2 e4 52. f3+ exf3+ 53. Kf2
Kg5 54. g7 Nh6 55. Kxf3 Kg6 56. Kf4 Kf7 57. Ke4 Ng4 58. Kd4 Nf2 59. Kc5 Ne4+ 60.
Kb6 Nxg3 61. Kxa6 Ne4 62. Kxb5 f5 63. Kc4 f4 64. Kd3 f3 65. a3 f2 66. Ke2 Kg8
67. Kf1 Kf7 68. b5 Nf6 69. a4 Ke6 70. a5 Kd7 71. a6 Kc7 72. Bc5 Kb8 73. b6 1-0

[Event "TCh-CHN DivA Regular"]
[Site "Fuling CHN"]
[Date "2023.06.11"]
[Round "6.6"]
[Board "5"]
[White "Huang, Qian"]
[Black "Zhang, Xiaowen"]
[Result "1/2-1/2"]
[WhiteTitle "WGM"]
[BlackTitle "WGM"]
[WhiteElo "2431"]
[BlackElo "2266"]
[WhiteTeam "Chongqing Sports Lottery"]
[BlackTeam "Tianjin"]
[WhiteFideId "8602689"]
[BlackFideId "8603219"]
[EventDate "2023.06.05"]
[EventType "team"]

1. Nf3 Nf6 2. c4 e6 3. g3 d5 4. Bg2 Be7 5. O-O O-O 6. d4 dxc4 7. Qc2 a6 8. a4
Bd7 9. Qxc4 Bc6 10. Bg5 Bd5 11. Qc2 Be4 12. Qc1 Nc6 13. Rd1 Bxf3 14. Bxf3 Nxd4
15. Kg2 c5 16. e3 Nb3 17. Rxd8 Nxc1 18. Rxa8 Rxa8 19. Nd2 Rd8 20. Rxc1 Rxd2 21.
Bxb7 a5 22. b3 Rb2 23. Rc3 Nd5 24. Bxd5 Bxg5 25. Bc4 Rd2 26. h4 Bf6 27. Rd3 Rxd3
28. Bxd3 h6 29. Bc4 Kf8 30. Kf3 Ke7 31. Ke4 1/2-1/2

[Event "TCh-CHN DivA Regular"]
[Site "Fuling CHN"]
[Date "2023.06.12"]
[Round "7.1"]
[Board "1"]
[White "Wang, Yue"]
[Black "Nie, Xinyang"]
[Result "1/2-1/2"]
[WhiteTitle "GM"]
[WhiteElo "2674"]
[BlackElo "2222"]
[WhiteTeam "Tianjin"]
[BlackTeam "Chongqing Jiulongpo"]
[WhiteFideId "8601429"]
[BlackFideId "8607222"]
[EventDate "2023.06.05"]
[EventType "team"]

1. d4 d5 2. c4 c6 3. Nf3 Nf6 4. e3 Bf5 5. Nc3 e6 6. Nh4 Bg6 7. Be2 a6 8. O-O
dxc4 9. Bxc4 c5 10. dxc5 Qxd1 11. Rxd1 Bh5 12. Nf3 Bxc5 13. b3 Nc6 14. Bb2 O-O
15. Ne2 Rfd8 16. Ng3 Bxf3 17. gxf3 Nb4 18. Rdc1 Be7 19. Nf1 h6 20. Be2 Rac8 21.
a3 Rxc1 22. Bxc1 Nd3 23. Bd2 Nc5 24. Rb1 b5 25. b4 Na4 26. Rc1 Nd5 27. e4 Ndb6
28. Be3 Rc8 29. Rxc8+ Nxc8 30. Bd4 Bg5 31. Ne3 Ne7 32. Bd1 Nc6 33. Ba1 Nb6 1/2-1/2

[Event "TCh-CHN DivA Regular"]
[Site "Fuling CHN"]
[Date "2023.06.12"]
[Round "7.1"]
[Board "2"]
[White "Wan, Yunguo"]
[Black "Dai, Changren"]
[Result "1/2-1/2"]
[WhiteTitle "GM"]
[BlackTitle "GM"]
[WhiteElo "2504"]
[BlackElo "2515"]
[WhiteTeam "Chongqing Jiulongpo"]
[BlackTeam "Tianjin"]
[WhiteFideId "8603189"]
[BlackFideId "8608156"]
[EventDate "2023.06.05"]
[EventType "team"]

1. e4 e5 2. Nf3 Nc6 3. Bb5 a6 4. Ba4 Nf6 5. d3 b5 6. Bb3 Be7 7. O-O d6 8. a4 Bd7
9. Nc3 Na5 10. Ba2 b4 11. Ne2 O-O 12. Ng3 c5 13. c3 Rb8 14. h3 Re8 15. Ng5 b3
16. Bb1 h6 17. Nf3 Bf8 18. d4 cxd4 19. cxd4 Rb4 20. Qe2 Nc4 21. Bd3 d5 22. Bxc4
Rxc4 23. dxe5 Nxe4 24. Nxe4 Rxe4 25. Qxa6 Rc4 26. Be3 Re6 27. Qb7 Rg6 28. Kh2 d4
29. Bf4 Bxa4 30. Rfd1 Rb4 31. Qe4 Bc6 32. Qd3 Bb5 33. Qf5 Qd5 34. Bg3 Bd7 35.
Qd3 Bb5 36. Qf5 Ra6 37. Rxa6 Bxa6 38. Rc1 d3 39. Nd2 Rb5 40. Qe4 Bb4 41. Qxd5
Rxd5 42. Bf4 g5 43. Be3 Rxe5 44. Nxb3 Rb5 45. Kg1 Bf8 46. Rc3 f5 47. Rxd3 Rb8
48. Rc3 Bg7 49. Rc6 Rxb3 50. Rxa6 Rxb2 1/2-1/2

[Event "TCh-CHN DivA Regular"]
[Site "Fuling CHN"]
[Date "2023.06.12"]
[Round "7.1"]
[Board "3"]
[White "Chu, Wei Chao"]
[Black "Peng, Xiongjian"]
[Result "0-1"]
[WhiteTitle "IM"]
[WhiteElo "2411"]
[BlackElo "2461"]
[WhiteTeam "Tianjin"]
[BlackTeam "Chongqing Jiulongpo"]
[WhiteFideId "8605661"]
[BlackFideId "8610550"]
[EventDate "2023.06.05"]
[EventType "team"]

1. Nf3 g6 2. g3 Bg7 3. Bg2 e5 4. h4 d5 5. c4 d4 6. d3 Nc6 7. h5 Nh6 8. Nbd2 f5
9. b4 Nf7 10. b5 Ne7 11. Nb3 a6 12. Ng5 Nxg5 13. Bxg5 h6 14. Bd2 g5 15. Nc5 c6
16. bxc6 bxc6 17. Qa4 O-O 18. Qa5 Qe8 19. O-O-O e4 20. f4 g4 21. Bb4 Qf7 22. Ba3
Be6 23. Rd2 Bxc4 24. dxc4 Qxc4+ 25. Rc2 Qb5 26. Nb3 Rfe8 27. Qxb5 axb5 28. Bxe7
Rxe7 29. Rd1 Ra4 30. Rdd2 Rea7 31. Kb1 Rc4 32. Rc1 Raa4 33. Rb2 Bf8 34. Rxc4
bxc4 35. Nc1 Ra3 36. Rc2 Rxg3 37. Rxc4 Rxg2 38. Rxc6 Ba3 39. Nb3 d3 40. exd3
exd3 0-1

[Event "TCh-CHN DivA Regular"]
[Site "Fuling CHN"]
[Date "2023.06.12"]
[Round "7.1"]
[Board "4"]
[White "Sun, Fanghui"]
[Black "Xiao, Yiyi"]
[Result "1/2-1/2"]
[WhiteTitle "WIM"]
[BlackTitle "WGM"]
[WhiteElo "2223"]
[BlackElo "2331"]
[WhiteTeam "Chongqing Jiulongpo"]
[BlackTeam "Tianjin"]
[WhiteFideId "8604150"]
[BlackFideId "8606161"]
[EventDate "2023.06.05"]
[EventType "team"]

1. e4 c6 2. d4 d5 3. Nd2 dxe4 4. Nxe4 Nf6 5. Nxf6+ exf6 6. c3 Bd6 7. Bd3 O-O 8.
Qc2 Re8+ 9. Ne2 h5 10. O-O h4 11. h3 Nd7 12. Bd2 Nf8 13. Rae1 Qc7 14. c4 Be6 15.
f4 b6 16. b4 Qb7 17. f5 Bd7 18. c5 Bc7 19. a4 a5 20. bxa5 bxc5 21. a6 Rxa6 22.
Bxa6 Qxa6 23. Bc3 cxd4 24. Bxd4 c5 25. Qxc5 Rc8 26. Qa3 Ba5 27. Bc3 Bb6+ 28. Kh1
Bxa4 29. Nf4 Qc4 30. Rc1 Qe4 31. Qb4 Qxb4 32. Bxb4 Rd8 1/2-1/2

[Event "TCh-CHN DivA Regular"]
[Site "Fuling CHN"]
[Date "2023.06.12"]
[Round "7.1"]
[Board "5"]
[White "Zhang, Xiaowen"]
[Black "Zhang, Lanlin"]
[Result "1/2-1/2"]
[WhiteTitle "WGM"]
[WhiteElo "2266"]
[BlackElo "2156"]
[WhiteTeam "Tianjin"]
[BlackTeam "Chongqing Jiulongpo"]
[WhiteFideId "8603219"]
[BlackFideId "8608032"]
[EventDate "2023.06.05"]
[EventType "team"]

1. e4 e5 2. Nf3 Nc6 3. d4 exd4 4. Bc4 Nf6 5. O-O Nxe4 6. Re1 d5 7. Bxd5 Qxd5 8.
Nc3 Qh5 9. Nxe4 Be6 10. Bg5 Bd6 11. Nxd6+ cxd6 12. Bf4 Qd5 13. c3 O-O 14. Nxd4
Nxd4 15. Qxd4 Qxd4 16. cxd4 d5 17. Rac1 Rac8 18. Rxc8 Rxc8 19. Rc1 Rc7 20. Rc2
Rxc2 21. Bd2 Rc1+ 22. Bxc1 f6 23. f3 Kf7 24. Kf2 Ke7 25. Ke3 Kd6 26. Kd3 Kc6 27.
Kc3 g5 28. g4 h6 29. h3 b5 30. b4 a6 31. a3 Bf7 32. Bd2 Be6 1/2-1/2

[Event "TCh-CHN DivA Regular"]
[Site "Fuling CHN"]
[Date "2023.06.12"]
[Round "7.2"]
[Board "1"]
[White "Ni, Hua"]
[Black "Bu, Xiangzhi"]
[Result "1/2-1/2"]
[WhiteTitle "GM"]
[BlackTitle "GM"]
[WhiteElo "2669"]
[BlackElo "2694"]
[WhiteTeam "Shanghai"]
[BlackTeam "Chongqing Sports Lottery"]
[WhiteFideId "8601160"]
[BlackFideId "8601445"]
[EventDate "2023.06.05"]
[EventType "team"]

1. e4 e5 2. Nf3 Nc6 3. Bb5 a6 4. Ba4 Nf6 5. O-O Bc5 6. d3 b5 7. Bb3 O-O 8. Nc3
Bb7 9. Nd5 Nxd5 10. Bxd5 d6 11. Be3 Bxe3 12. fxe3 Rb8 13. Nd2 Ne7 14. Bxb7 Rxb7
15. Qg4 Qc8 16. Qxc8 Rxc8 17. Kf2 f6 18. Ke2 Kf7 19. a4 b4 20. c4 c5 21. b3 Nc6
22. Rf3 h5 23. Raf1 Rh8 24. g3 Re7 25. h3 Re6 26. R3f2 h4 27. g4 g5 28. Kd1 Kg6
29. Kc2 Rhe8 30. Rf5 Kg7 31. R5f3 Kg6 1/2-1/2

[Event "TCh-CHN DivA Regular"]
[Site "Fuling CHN"]
[Date "2023.06.12"]
[Round "7.2"]
[Board "2"]
[White "Wang, Chen"]
[Black "Xu, Yi"]
[Result "1/2-1/2"]
[WhiteTitle "IM"]
[BlackTitle "GM"]
[WhiteElo "2481"]
[BlackElo "2502"]
[WhiteTeam "Chongqing Sports Lottery"]
[BlackTeam "Shanghai"]
[WhiteFideId "8601020"]
[BlackFideId "8605564"]
[EventDate "2023.06.05"]
[EventType "team"]

1. e4 c5 2. Nf3 d6 3. d4 cxd4 4. Nxd4 Nf6 5. Nc3 a6 6. Be3 e5 7. Nb3 Be6 8. Qd2
Nbd7 9. f4 b5 10. O-O-O Be7 11. Kb1 O-O 12. f5 Bc4 13. Rg1 Bxf1 14. Rdxf1 b4 15.
Nd5 Nxd5 16. exd5 a5 17. g4 a4 18. Nc1 Qa5 19. g5 Bd8 20. f6 g6 21. Rg4 Bb6 22.
Bxb6 Nxb6 23. Rd1 a3 24. b3 Rfc8 25. h4 Rc5 26. Nd3 Nxd5 27. Nxc5 Nc3+ 28. Qxc3
bxc3 29. Ra4 Qd8 30. Rxd6 Qe8 31. Rxa8 Qxa8 32. Nb7 e4 33. Kc1 e3 34. Kd1 h5 35.
Rd8+ Kh7 36. Rxa8 e2+ 37. Ke1 1/2-1/2

[Event "TCh-CHN DivA Regular"]
[Site "Fuling CHN"]
[Date "2023.06.12"]
[Round "7.2"]
[Board "3"]
[White "Zhang, Zhong"]
[Black "Zeng, Chongsheng"]
[Result "1/2-1/2"]
[WhiteTitle "GM"]
[BlackTitle "GM"]
[WhiteElo "2589"]
[BlackElo "2581"]
[WhiteTeam "Shanghai"]
[BlackTeam "Chongqing Sports Lottery"]
[WhiteFideId "8600694"]
[BlackFideId "8603847"]
[EventDate "2023.06.05"]
[EventType "team"]

1. Nf3 Nf6 2. c4 e6 3. Nc3 d5 4. d4 Bb4 5. Bg5 h6 6. Bxf6 Qxf6 7. Qa4+ Nc6 8. e3
O-O 9. cxd5 exd5 10. Be2 Be6 11. O-O a6 12. Rac1 Bd6 13. Qb3 Ne7 14. a3 b6 15.
Qc2 Bf5 16. Bd3 Bg4 17. Be2 Bf5 18. Bd3 Bg4 19. Be2 Bf5 1/2-1/2

[Event "TCh-CHN DivA Regular"]
[Site "Fuling CHN"]
[Date "2023.06.12"]
[Round "7.2"]
[Board "4"]
[White "Wang, Chuqiao"]
[Black "Ni, Shiqun"]
[Result "1/2-1/2"]
[BlackTitle "WGM"]
[WhiteElo "2061"]
[BlackElo "2323"]
[WhiteTeam "Chongqing Sports Lottery"]
[BlackTeam "Shanghai"]
[WhiteFideId "8631638"]
[BlackFideId "8608466"]
[EventDate "2023.06.05"]
[EventType "team"]

1. d4 d5 2. c4 e6 3. Nf3 Nf6 4. Nc3 dxc4 5. e3 a6 6. a4 c5 7. Bxc4 Nc6 8. O-O
Be7 9. Qe2 cxd4 10. Rd1 e5 11. exd4 exd4 12. Nxd4 Nxd4 13. Qe3 O-O 14. Rxd4 Qc7
15. Qd3 Bc5 16. Rh4 Rd8 17. Nd5 Rxd5 18. Bxd5 Qe5 19. Be3 Bxe3 20. fxe3 Qxd5 21.
Rd4 Qe6 22. Rd8+ Ne8 23. Rc1 b5 24. Rc7 Bb7 25. Rxb7 Rxd8 26. Qxd8 Qxe3+ 27. Kf1
Qf4+ 28. Ke2 Qe4+ 29. Kd2 Qf4+ 30. Kd3 Qf5+ 31. Kd4 Qf2+ 32. Kd3 Qf5+ 33. Kd4
Qf2+ 1/2-1/2

[Event "TCh-CHN DivA Regular"]
[Site "Fuling CHN"]
[Date "2023.06.12"]
[Round "7.2"]
[Board "5"]
[White "Wang, Pin"]
[Black "Huang, Qian"]
[Result "1/2-1/2"]
[WhiteTitle "WGM"]
[BlackTitle "WGM"]
[WhiteElo "2387"]
[BlackElo "2431"]
[WhiteTeam "Shanghai"]
[BlackTeam "Chongqing Sports Lottery"]
[WhiteFideId "8600406"]
[BlackFideId "8602689"]
[EventDate "2023.06.05"]
[EventType "team"]

1. e4 c5 2. Nf3 Nc6 3. d4 cxd4 4. Nxd4 g6 5. c4 Nf6 6. Nc3 d6 7. Be2 Nxd4 8.
Qxd4 Bg7 9. Bg5 O-O 10. Qd2 Be6 11. f3 Qa5 12. Nd5 Qxd2+ 13. Kxd2 Bxd5 14. cxd5
Rfc8 15. Rac1 Kf8 16. Rxc8+ Rxc8 17. Rc1 Rxc1 18. Kxc1 a6 19. Kc2 e6 20. dxe6
fxe6 21. b3 Nd7 22. Be3 Nb8 23. b4 Nc6 24. b5 axb5 25. Bxb5 Nd4+ 26. Bxd4 Bxd4
27. Kd3 Bg1 28. h3 Ke7 29. f4 Kf6 30. Bc4 e5 31. fxe5+ Kxe5 1/2-1/2